000 00788nam a2200253Ia 4500
003 OSt
005 20220923220905.0
006 a|||||r|||| 00| 0
007 ta
008 220922b |||||||| |||| 00| 0 hin d
024 _a191,929
037 _cTextual
040 _aARTS
_cARTS
_bhin
041 _2hin
_ahin
082 _aS, 152J0;L2
100 _aपाण्डेय, जगदानन्द
245 0 _aमनोविज्ञान परिचय
246 _ahinovijnyān parichaya
260 _aपटना
_b अनुपम प्रकाशन
_c1950
300 _a293पृ.
_ccm.
650 _aमनोविज्ञान
942 _hS, 152J0;L2
_cTEXL
_2CC
999 _c344582
_d344582